[Event "45th Olympiad 2024"]
[Site "Budapest HUN"]
[Date "2024.09.11"]
[Round "1.32"]
[Board "4"]
[White "Forbes, Garry"]
[Black "Jobava, Baadur"]
[Result "0-1"]
[WhiteElo "1858"]
[BlackElo "2582"]
[PlyCount "56"]
[EventDate "2024.09.11"]
[WhiteTeam "Jersey"]
[BlackTeam "Georgia"]
[BlackTeamCountry "GEO"]

1. d4 {Finkel,Alexander} d6 2. e4 Nf6 3. Nc3 e5 4. dxe5 dxe5 5. Qxd8+ Kxd8 6. Bc4 Ke8 7. Nge2 ({RR} 7. Nf3 Bd6 8. Bg5 ({RR} 8. Be3 a6 9. a4 Bd7 10. Ng5 Rf8 11. Nd5 Nxd5 12. Bxd5 c6 13. Bb3 h6 14. O-O-O Bc7 15. Nf3) ({RR} 8. O-O a6 9. a4 Nc6 10. Ng5 Nd8 11. Nd5 Nxd5 12. Bxd5 f6 13. Nf3 Be6 14. Bxe6 Nxe6 15. Rd1 Ke7) 8... Nbd7 ({RR} 8... c6 9. O-O-O Bc7 10. h3 Nbd7 11. a4 a6 12. Nd2 h6 13. Be3 b5 14. Ba2 Bb6) 9. O-O-O h6 ({RR} 9... a6 10. a4 ({RR} 10. h3 b5 11. Bb3 h6 12. Bxf6 Nxf6 13. Rhe1 Bb7 14. Nd5 Nd7 15. Nh4) 10... h6 11. Bh4 Rb8 12. h3 Nh5 13. g4 Nf4 14. Bg3 g5 15. Bxf4 gxf4 16. Nh4 Bc5) 10. Bh4 Nb6 11. Be2 ({RR} 11. Bb3) 11... Ke7 ({RR} 11... Be6 12. Nb5 ({RR} 12. Bxf6 gxf6 13. Nh4 a6 14. Nf5 Bc5) 12... Nxe4 13. Bd3 Nc5 14. Nxd6+ cxd6 15. Bb5+ Bd7 16. Bxd7+ Nbxd7 17. Rxd6 f6 18. Rhd1) 12. Bg3 Nbd7 13. Bc4 Nb6 14. Be2 Nbd7 15. Nd2 Bb4 ({RR} 15... c6 16. Nc4 Bc7 17. a4 Rd8 18. h3 Rb8 19. b4) 16. f4 ({RR} 16. Nd5+ Nxd5 17. exd5 f5 18. f3 Kf6 19. c3 Bd6 20. Nc4 b6) 16... Bxc3 17. bxc3 Nc5 ({RR} 17... exf4 18. Bxf4 Ne8 19. e5 Nc5 20. Rhf1 Ne6 21. Be3 b6) 18. Bf3 exf4 19. Bxf4 Be6 ({RR} 19... Ne6) 20. Bxc7 Rac8 21. Ba5 ({RR} 21. Bg3 Na4 ({RR} 21... Bxa2 22. c4 Na4 ({RR} 22... b5 23. Kb2 Bxc4 24. Nxc4 Na4+ ({RR} 24... bxc4 25. Bd6+ Ke8 26. Rhe1) 25. Kc1 Rxc4 26. Bd6+ Ke6 27. e5 Rhc8 28. Rd2) 23. e5 Nd7 24. Ne4 Rxc4 25. Nd6 Rb4 26. Nf5+ Kd8) 22. e5 Nd7 23. c4 Nc3 24. Rde1 Nxa2+ 25. Kb2 Nb4) 21... Nfd7 {0-1 Bareev,E (2702)-Azmaiparashvili,Z (2673) FIDE World Cup KO 2000 (1.1)}) 7... c6 8. a4 a5 9. h3 $146 ({RR} 9. f3 Bc5 10. Bg5 Nbd7 11. Rd1 h6 12. Bh4 g5 13. Bf2 Bxf2+ 14. Kxf2 Nc5 15. Ke3 Ke7 16. b3 Nh5 17. g3 Ng7 18. Nb1 f5 19. Na3 f4+ 20. Kf2 Rf8 21. gxf4 exf4 22. Nd4 Bh3 23. Be2 Nge6 {0-1 Hommadov,A (2070)-Sanal,V (2603) Titled Tue 19th Sep Early 2023 (1)}) ({RR} 9. f3 Na6 10. Bg5 Nc7 11. O-O-O Be6 12. Bxe6 Nxe6 13. Bxf6 gxf6 14. Ng3 Rd8 15. Nf5 Rg8 16. g3 Nd4 17. Nxd4 Rxd4 18. Rxd4 exd4 19. Ne2 Bh6+ 20. f4 c5 21. Rd1 Ke7 22. c3 f5 23. exf5 Kf6 {1-0 Nihal,S (2669)-Sanal,V (2574) Titled Tue 11th Jun Late 2024 (8)}) ({RR} 9. Be3 Ng4 10. Bd2 Bc5 11. O-O Nd7 12. Nc1 Ke7 13. Nd3 Bb6 14. h3 Ngf6 15. Kh2 Ke8 16. f3 Kf8 17. Ne2 Nc5 18. Nxc5 Bxc5 19. Rfd1 Nd7 20. Bc3 f6 21. Nc1 Ke7 22. Nb3 Bb6 23. Rd2 Nc5 {½-½ Prasad,D (2401)-Tratar,M (2440) Rohde op 05th 2005 (8)}) 9... Nbd7 10. Be3 Bc5 11. Bxc5 Nxc5 12. f3 Ke7 13. O-O-O Nfd7 14. Rd2 Nb6 15. Bb3 h5 16. h4 Ra6 17. Rhd1 Nxb3+ 18. cxb3 Be6 19. Kc2 Nd7 20. Rd6 Rh6 21. R6d2 Nc5 22. Nc1 Rb6 23. Rd8 Nxb3 24. Ra8 Rg6 25. Nd5+ cxd5 26. Nxb3 dxe4 27. Nxa5 Rxg2+ 28. Rd2 exf3 0-1

[Event "45th Olympiad 2024"]
[Site "Budapest HUN"]
[Date "2024.09.11"]
[Round "1.33"]
[Board "1"]
[White "Wu, Li"]
[Black "Peralta, Fernando"]
[Result "0-1"]
[WhiteElo "2325"]
[BlackElo "2558"]
[PlyCount "92"]
[EventDate "2024.09.11"]
[WhiteTeam "Isle of Man"]
[BlackTeam "Argentina"]
[WhiteTeamCountry "IOM"]
[BlackTeamCountry "ARG"]

1. e4 e6 2. d4 d5 3. exd5 exd5 4. Nf3 Nf6 5. h3 Bd6 6. c4 O-O 7. c5 Be7 ({RR} 7... Re8+ 8. Be2 Bf8 9. O-O b6 10. cxb6 axb6 11. Nc3 h6 12. Bf4 c6 13. Ne5 Bb7 14. Re1 b5 15. a3 Nbd7 16. Bd3 Nb6 17. Rb1 Nc4 18. Bc2 Nd6 19. Qd3 Nde4 20. Nxe4 dxe4 21. Rxe4 c5 22. Ree1 {1-0 Lima,D (2507)-Harikrishna,P (2717) Wch Rapid Warsaw 2021 (1)}) 8. b4 $146 ({RR} 8. Bd3 b6 9. cxb6 axb6 10. Nc3 Ne4 11. Nxe4 dxe4 12. Bxe4 Bb4+ 13. Kf1 Ra5 14. a3 Re8 15. Bd3 Bb7 16. Be3 Bd6 17. b4 Ra8 18. Qc2 h6 19. Qc3 Nd7 20. Bb5 Re7 21. Bc6 Bxb4 22. axb4 Bxc6 {0-1 Dudzinski,P (2193)-Balog,I (2577) EU-ch Rapid Katowice 2021 (3)}) ({RR} 8. Bd3 b6 9. Be3 bxc5 10. dxc5 c6 11. Qc2 Ba6 12. O-O Bxd3 13. Qxd3 Nbd7 14. Rc1 Qc7 15. Nbd2 Rfe8 16. b4 a6 17. a4 Bf8 18. Rab1 Ne4 19. Nb3 g6 20. Bd4 Bg7 21. Bxg7 Kxg7 22. Na5 Kg8 {1-0 Velikanov,A (2387)-Korchynskyi,M (2263) Titled Tue 6th Feb Late 2024 (6)}) 8... b6 9. a3 Ne4 10. Be3 Bf6 11. Qc2 Re8 12. Bd3 bxc5 13. bxc5 Ba6 14. Ra2 Bxd3 15. Qxd3 Nxc5 16. dxc5 d4 17. Re2 dxe3 18. Rxe3 Nd7 19. c6 Nb8 20. Qxd8 Rxd8 21. Ke2 Nxc6 22. Rc1 Nd4+ 23. Nxd4 Bxd4 24. Rd3 c5 25. Rc2 Rd6 26. Nd2 Re8+ 27. Kf1 Ra6 28. Rc4 g6 29. g4 Rb8 30. Nf3 Bb2 31. a4 Bg7 32. Rd7 Bf8 33. Rf4 f6 34. g5 f5 35. Rh4 Bg7 36. Rc4 Bf8 37. Rh4 Bg7 38. Rc4 Ra5 39. Rc1 Bf8 40. Ne5 Rxa4 41. Nc6 Re8 42. Rcd1 a6 43. Rc7 Ra2 44. Kg1 Rae2 45. Rdd7 R2e6 46. Rxh7 Rxc6 0-1

[Event "45th Olympiad 2024"]
[Site "Budapest HUN"]
[Date "2024.09.11"]
[Round "1.33"]
[Board "4"]
[White "Sosa, Tomas ARG"]
[Black "Gumireddy, Sanjay"]
[Result "1-0"]
[WhiteElo "2515"]
[BlackElo "1907"]
[PlyCount "29"]
[EventDate "2024.09.11"]
[WhiteTeam "Argentina"]
[BlackTeam "Isle of Man"]
[WhiteTeamCountry "ARG"]
[BlackTeamCountry "IOM"]

1. e4 {Bologan,Viktor} e5 2. Nf3 Nc6 3. Bc4 Nf6 4. d3 Be7 5. O-O d6 6. a4 a5 ({RR} 6... Bg4 7. c3 O-O 8. Re1 ({RR} 8. Nbd2 Kh8 ({RR} 8... a6 9. Re1 d5 10. exd5 Nxd5 11. h3 Bh5 12. Ne4 Kh8 13. Ng3 Bg6 14. Nxe5 Nxe5 15. Rxe5 c6 16. a5) 9. a5 b6 10. axb6 ({RR} 10. b4 bxa5 11. b5) 10... axb6 11. Rxa8 Qxa8 12. b4 Nd8 13. h3 Be6 14. Bb2 Qb7 15. Re1 ({RR} 15. b5 Bxc4 16. Nxc4 Ne6 17. Ne3 Ra8 18. c4) 15... b5 16. Bb3 Bxb3 17. Qxb3 Ne6 18. g3 Kg8 19. Ra1 Ra8 20. Rxa8+ Qxa8 21. c4 Qb7) 8... d5 9. exd5 Nxd5 10. h3 Bh5 11. a5 a6 12. Nbd2 Kh8 ({RR} 12... Nf4 13. Ne4 Bd6 14. Bxf4 exf4 15. d4) 13. Ne4 f6 ({RR} 13... b5 14. axb6 Nxb6 15. Bb3 Bg6 16. Be3 h6 17. Nc5 Nd5 18. Nb7 Qd7 19. Bc5) 14. Qb3 Bxf3 ({RR} 14... Nf4 15. Bxf4 exf4 16. Ned2) 15. Bxd5 ({RR} 15. gxf3 Nf4 16. Bxf4 exf4 17. d4 Rb8) 15... Bh5 16. Be3 Rb8 ({RR} 16... f5 17. Nc5 f4 18. Nxb7 fxe3 19. Nxd8 exf2+ 20. Kh1 fxe1=Q+ 21. Rxe1) 17. Bc5 Be8 ({RR} 17... f5 18. Bxc6 bxc6 19. Qa3) ({RR} 17... Bxc5 18. Nxc5 Qd6 ({RR} 18... Nxa5 19. Qa2) 19. Nxb7 Rxb7 20. Qxb7 Qxd5 21. Qxa6) 18. Qc4 Bd6 19. d4 f5 ({RR} 19... Bg6 20. Nxd6 ({RR} 20. b4 Ne7) 20... cxd6 21. Bb6 Qe7 22. Bxc6 Rfc8 23. d5 Be8 24. Qd3 bxc6 25. dxc6 Bxc6 26. Qxa6) 20. Nxd6 cxd6 21. Bb6 {½-½ Bologan,V (2682)-Naiditsch,A (2678) EU-Cup 24th Kallithea 2008 (7)}) ({RR} 6... O-O 7. Re1) 7. Nc3 ({RR} 7. Re1 O-O 8. c3 Be6 9. Nbd2 Bxc4 10. Nxc4 Qd7 11. h3 Rfe8 {½-½ Muniz Guevara,A (2116)-Montejo Bello,L (1985) ch-CUB w 2024 (7.7)}) 7... h6 $146 ({RR} 7... O-O 8. Ne2 Be6 9. Bxe6 fxe6 10. Ng3 Qe8 11. Ng5 Bd8 12. h4 h6 13. Nh3 Qg6 14. h5 Qg4 15. Qxg4 Nxg4 16. f3 Nf6 17. c3 Be7 18. Kf2 Nd7 {½-½ Atlas,V (2480)-Dobosz,H (2433) AUT-chT 0506 2005 (10)}) ({RR} 7... O-O 8. Re1 Kh8 9. Ng5 Qe8 10. Nb5 Bd8 11. c3 h6 12. Nf3 Bg4 13. h3 Bh5 14. g4 Bg6 15. Nh4 Bh7 16. Nf5 Ne7 17. Qf3 Nxf5 18. gxf5 Qd7 19. Bb3 c6 20. Na3 d5 21. Kh2 Bb6 22. Be3 {1-0 Martin Carmona,G (2362)-Muromtsev,A (2129) Titled Tuesday intern op 25th Jan blitz 2022 (6)}) 8. Nd5 g5 9. c3 Bf8 10. Nxg5 hxg5 11. Bxg5 Bg7 12. Qf3 Ne7 13. Nxf6+ Bxf6 14. Qxf6 Rg8 15. Bxf7+ 1-0

[Event "45th Olympiad 2024"]
[Site "Budapest HUN"]
[Date "2024.09.11"]
[Round "1.34"]
[Board "1"]
[White "Schitco, Ivan"]
[Black "Gabriel, Davidson"]
[Result "1/2-1/2"]
[WhiteElo "2527"]
[BlackElo "2043"]
[PlyCount "129"]
[EventDate "2024.09.11"]
[WhiteTeam "Moldova"]
[BlackTeam "Haiti"]
[WhiteTeamCountry "MDA"]
[BlackTeamCountry "HAI"]

1. Nf3 {ChessBase II} Nf6 2. c4 g6 3. Nc3 Bg7 4. e4 d6 5. d4 O-O 6. Be2 Bg4 7. O-O ({RR} 7. Be3 Nfd7 8. Rc1 ({RR} 8. Ng1)) 7... Nfd7 8. Be3 e5 9. d5 Bxf3 10. Bxf3 f5 11. b4 a5 12. a3 f4 $146 ({RR} 12... Kh8 13. Qb3 Na6 14. Rfc1 Bf6 15. Na4 Bg5 16. Rab1 b6 17. Rc3 Qf6 18. exf5 Bxe3 19. Rxe3 gxf5 20. Be2 axb4 21. axb4 f4 22. Re4 Qf5 23. Bd3 Nf6 24. Ree1 e4 25. Bf1 f3 26. g3 Rae8 27. Rbd1 {0-1 Birbrager,I-Stein,L URS-ch31 Semifinal 1963}) ({RR} 12... Na6 13. Qb3 Kh8 14. Be2 f4 15. Bd2 Nf6 16. f3 Rg8 17. Na4 axb4 18. axb4 Bf8 19. Qc3 g5 20. c5 dxc5 21. b5 Nb8 22. Qxe5 Nbd7 23. Qf5 Rg6 24. Bc3 Bg7 25. Rfd1 Qe7 26. e5 Ng8 27. e6 {1-0 Evans,L-Popovych,O USA-ch New York 1972 (13)}) 13. Bd2 Nf6 14. c5 Qe8 15. cxd6 cxd6 16. bxa5 Rxa5 17. a4 Qd8 18. Nb5 Ra6 19. Rc1 Ne8 20. Bg4 Nd7 21. Bb4 h5 22. Be6+ Kh7 23. Rc3 f3 24. Rxf3 Rxf3 25. Qxf3 Rxa4 26. Qb3 Ra6 27. Bf7 Nef6 28. Bxd6 Nxe4 29. Qc2 Qf6 30. Be6 Nxd6 31. Bxd7 Nxb5 32. Bxb5 Ra5 33. Qe2 e4 34. g3 Qd4 35. Rd1 Ra1 36. Rxa1 Qxa1+ 37. Kg2 Qd4 38. Qc4 Qxc4 39. Bxc4 Bd4 40. d6 Be5 41. d7 Bc7 42. Bd5 b5 43. Bxe4 Kg7 44. h4 Kf6 45. f4 Bd8 46. Kf3 b4 47. Bc2 Bb6 48. Ke2 Bc7 49. Ke3 Bb6+ 50. Kf3 Bc7 51. Ke4 Ke6 52. Ba4 Bb6 53. Kf3 Bc7 54. Bc2 Kf6 55. Ke4 Ke6 56. Bb3+ Ke7 57. Ba4 Bb6 58. Kf3 Kf6 59. g4 hxg4+ 60. Kxg4 Bc7 61. Kf3 Bd8 62. Kg4 Bc7 63. Bc2 Bd8 64. f5 gxf5+ 65. Bxf5 1/2-1/2

[Event "45th Olympiad 2024"]
[Site "Budapest HUN"]
[Date "2024.09.11"]
[Round "1.34"]
[Board "2"]
[White "Etienne, Angelo"]
[Black "Macovei, Andrei"]
[Result "0-1"]
[WhiteElo "2122"]
[BlackElo "2464"]
[PlyCount "110"]
[EventDate "2024.09.11"]
[WhiteTeam "Haiti"]
[BlackTeam "Moldova"]
[WhiteTeamCountry "HAI"]
[BlackTeamCountry "MDA"]

1. Nf3 c5 2. g3 Nc6 3. c4 g6 4. Bg2 Bg7 5. Nc3 e5 6. O-O d6 7. d3 Nge7 8. Ne1 Be6 9. Nc2 d5 10. cxd5 Nxd5 11. Ne4 b6 12. Ng5 Bc8 13. Ne3 Nde7 14. Qa4 ({RR} 14. Nc4 O-O 15. Ne4 Be6 16. a4 Rc8 17. Bd2 Rc7 18. Bc3 Rd7 19. Qb3 Nd5 20. Qa3 f5 21. Ned2 Qc7 22. Rac1 h5 23. h4 Nxc3 24. bxc3 e4 25. dxe4 f4 26. e5 Nxe5 27. Nxe5 Bxe5 28. Ne4 fxg3 {0-1 Briem,B (2096)-Manukyan,H (1974) Kragero Resort Chess 2023 (5.36)}) 14... Bd7 15. Bd2 $146 ({RR} 15. Qh4 f6 16. Nxh7 Kf7 17. f4 exf4 18. Rxf4 g5 19. Qxg5 Rxh7 20. Be4 Rh6 21. Nd5 Qh8 22. Nxe7 Kxe7 23. Qd5 Rxh2 24. Be3 Qh3 25. Bf2 Rh8 26. Bg2 Qh5 27. Re4+ Kd8 28. Qxh5 R2xh5 29. Ra4 f5 {0-1 Franciskovic,B (2189)-Mkrtchian,L (2458) EU-ch (Women) 8th 2007 (1)}) ({RR} 15. Qh4 h6 16. Ne4 Nc8 17. Qxd8+ Kxd8 18. Nd5 N8e7 19. Nec3 Rc8 20. f4 Be6 21. fxe5 Nxd5 22. Bxd5 Ke7 23. Bd2 Bxe5 24. Bxe6 Kxe6 25. g4 Rcd8 26. Bf4 Rd4 27. Bxe5 Nxe5 28. h3 Rhd8 29. b3 f5 {½-½ Orlov,O (2307)-Mukashev,A (2085) Chigorin Memorial 17th 2009 (2)}) 15... O-O 16. Qh4 h6 17. Nf3 g5 18. Qc4 Rc8 19. h4 Be6 20. Qa4 g4 21. Nh2 h5 22. f3 Nd4 23. Rf2 f5 24. fxg4 hxg4 25. Nef1 f4 26. Qd1 Nef5 27. Nxg4 fxg3 28. Rxf5 Nxf5 29. Bg5 Qd4+ 30. e3 Qxb2 31. Rb1 Qa3 32. e4 Nd4 33. Nxg3 Qxa2 34. Rc1 Qb3 35. Nh6+ Bxh6 36. Bxh6 Qxd1+ 37. Rxd1 Rf7 38. Nf5 Kh7 39. Nxd4 cxd4 40. Bd2 Rc2 41. Bg5 Bg4 42. Ra1 Kg6 43. Rb1 Be2 44. Rb5 Rc5 45. Rb3 Ra5 46. Kh2 Bg4 47. Kg3 Be6 48. Rb2 Ra3 49. Rb5 Rxd3+ 50. Kh2 Rf2 51. Kg1 Ra2 52. Rxe5 Bh3 53. Bxh3 Rg3+ 54. Kf1 Rxh3 55. Kg1 Rg3+ 0-1

[Event "45th Olympiad 2024"]
[Site "Budapest HUN"]
[Date "2024.09.11"]
[Round "1.34"]
[Board "4"]
[White "Volcimus, Ritchy David"]
[Black "Bologan, Victor"]
[Result "0-1"]
[WhiteElo "1948"]
[BlackElo "2598"]
[PlyCount "74"]
[EventDate "2024.09.11"]
[WhiteTeam "Haiti"]
[BlackTeam "Moldova"]
[WhiteTeamCountry "HAI"]
[BlackTeamCountry "MDA"]

1. e4 e5 2. Nf3 Nc6 3. d4 exd4 4. Nxd4 Qf6 5. Nf3 Bc5 6. Nbd2 ({RR} 6. Nc3 Nge7 7. Bg5 Qg6 8. Bd3 h6 9. Bh4 Bb4 10. O-O Bxc3 11. bxc3 O-O 12. h3 Qh5 13. Rb1 Ng6 14. Rb5 Nge5 15. Nxe5 Qxh4 16. Nf3 Qe7 17. e5 d6 18. Re1 a6 19. exd6 Qxd6 20. Rd5 Qf6 {0-1 Movahed,S (2463)-Grischuk,A (2732) Titled Tue 27th Feb Early 2024 (11)}) ({RR} 6. Nc3 Nge7 7. Bg5 Qg6 8. Bd3 d6 9. e5 Bf5 10. Bxf5 Nxf5 11. exd6 O-O 12. d7 Ncd4 13. h4 Qe6+ 14. Kf1 Qxd7 15. Nxd4 Nxd4 16. Ne4 Bb6 17. c3 Qb5+ 18. Kg1 Ne2+ 19. Kh2 Bxf2 20. Rf1 Bb6 {½-½ Caspi,I (2471)-Sattarov,B (2351) Titled Tue 6th Feb Early 2024 (11)}) 6... Nge7 7. Nb3 $146 ({RR} 7. Bc4 O-O 8. O-O d6 9. h3 Qg6 10. Kh1 Qh5 11. Nb3 Bb6 12. Bf4 Ng6 13. Bg3 Re8 14. Re1 Bg4 15. Kg1 Bxf3 16. Qxf3 Qxf3 17. gxf3 Nge5 18. Be2 f5 19. exf5 Rf8 20. f4 Nd7 21. Bc4+ Kh8 {1-0 Shahinyan,D (2456)-Tang,V (1332) PNWCC Online blitz JP 12th 2020 (4)}) 7... Bb6 8. a4 a6 9. a5 Ba7 10. Bd3 Ne5 11. O-O Nxf3+ 12. Qxf3 Qxf3 13. gxf3 d6 14. Re1 Be6 15. Ra3 Nc6 16. Bd2 O-O 17. Bc3 Rad8 18. f4 f5 19. e5 dxe5 20. Bxe5 Rd7 21. Bc3 Bd5 22. Nd2 Nd4 23. Ra4 Ne6 24. Be5 Nc5 25. Ra3 Bf7 26. Nf1 g6 27. Ne3 Rfd8 28. Rd1 c6 29. b4 Ne6 30. Kg2 Bb8 31. Bxb8 Rxb8 32. Kg3 Rbd8 33. c4 Rd4 34. Ng2 c5 35. b5 axb5 36. cxb5 c4 37. a6 bxa6 0-1

[Event "45th Olympiad 2024"]
[Site "Budapest HUN"]
[Date "2024.09.11"]
[Round "1.35"]
[Board "3"]
[White "Kodithuwakku, K K Dinujaya"]
[Black "Berdayes Ason, Dylan Isidro"]
[Result "0-1"]
[WhiteElo "1826"]
[BlackElo "2474"]
[PlyCount "74"]
[EventDate "2024.09.11"]
[WhiteTeam "Sri Lanka"]
[BlackTeam "Cuba"]
[WhiteTeamCountry "SRI"]
[BlackTeamCountry "CUB"]

1. d4 Nf6 2. c4 e6 3. Nf3 d5 4. g3 Bb4+ 5. Bd2 Be7 6. Bg2 O-O 7. O-O Nbd7 8. Bc3 b6 9. cxd5 exd5 10. Bd2 Re8 11. Nc3 Bb7 12. Bf4 Nf8 13. Rc1 $146 ({RR} 13. e3 Ne6 14. Rc1 Bb4 15. h4 h6 16. Be5 Ne4 17. h5 c5 18. dxc5 bxc5 19. Qb3 Bc6 20. Nxe4 dxe4 21. Rfd1 Qa5 22. Nh4 Ng5 23. Bc3 Ba4 24. Bxb4 Qa6 25. Bf1 Bxb3 26. Bxa6 Bxd1 27. Bxc5 Bxh5 {0-1 Finek,V (2429)-Santos Latasa,J (2612) 6th Prague Challengers 2024 (6.5)}) ({RR} 13. Qb3 Ne6 14. Rfd1 c5 15. dxc5 Bxc5 16. e3 Qe7 17. Be5 Rad8 18. Bxf6 Qxf6 19. Nxd5 Bxd5 20. Rxd5 Rxd5 21. Qxd5 Qxb2 22. Rf1 Rd8 23. Qb3 Qxb3 24. axb3 Kf8 25. Ne5 a5 26. Bf3 Ng5 27. Bc6 Ke7 {½-½ Hernando Rodrigo,J (2213)-Bilych,O (2433) 10th Sunway Sitges 2023 (4.38)}) 13... Ne6 14. Ne5 c6 15. Bh3 Bf8 16. e3 c5 17. Ne2 Ne4 18. Nf3 c4 19. Nc3 f6 20. Nd2 Nxd2 21. Qxd2 g5 22. Qd1 Ng7 23. Kh1 gxf4 24. gxf4 Bb4 25. Rg1 Bxc3 26. bxc3 Bc8 27. Bg2 Kh8 28. Qf3 Be6 29. e4 dxe4 30. Qxe4 Rc8 31. Qf3 Qd7 32. d5 Bf5 33. Qg3 Be4 34. f3 Nf5 35. Qg4 Rg8 36. Qh5 Qxd5 37. Qh3 Bd3 0-1

[Event "45th Olympiad 2024"]
[Site "Budapest HUN"]
[Date "2024.09.11"]
[Round "1.36"]
[Board "1"]
[White "Kadric, Denis"]
[Black "Blackman, Justin"]
[Result "1-0"]
[WhiteElo "2553"]
[BlackElo "2265"]
[PlyCount "117"]
[EventDate "2024.09.11"]
[WhiteTeam "Montenegro"]
[BlackTeam "Barbados"]
[WhiteTeamCountry "MNE"]
[BlackTeamCountry "BAR"]

1. e4 c5 2. Nc3 d6 3. f4 g6 4. Nf3 Bg7 5. Bb5+ Bd7 6. Bc4 Nc6 7. O-O e6 8. f5 gxf5 ({RR} 8... Nf6 9. d3 exf5 10. Bf4 O-O 11. Bxd6 Re8 12. Ng5 Be6 13. exf5 gxf5 14. Nxe6 fxe6 15. Bxc5 Nd4 16. h3 Nd7 17. Bxd4 Bxd4+ 18. Kh1 Ne5 19. Bb3 Kh8 20. Qh5 a6 21. Rae1 Qd6 22. Ne2 Be3 23. Qh4 {1-0 Kadric,D (2585)-Matlakov,M (2698) Gibraltar Masters 18th 2020 (9)}) 9. exf5 d5 ({RR} 9... Nf6 10. Ng5 d5 11. fxe6 Bxe6 12. Be2 Qd7 13. Nxe6 fxe6 14. Bh5+ Kd8 15. d3 Nd4 16. Bg5 Rf8 17. Qd2 Kc8 18. Bf3 Nxf3+ 19. Rxf3 d4 20. Bxf6 dxc3 21. Qxc3 Rxf6 22. Rxf6 Bxf6 23. Qxf6 Kc7 24. Rf1 {1-0 Abdulla,M (2312)-Boggiano Pereira,M (2015) 45th Olympiad 2024 (3.45)}) 10. Bb5 $146 ({RR} 10. fxe6 Bxe6 11. Bb5 Qd7 12. Na4 Bf8 13. d4 O-O-O 14. Ne5 Qc7 15. Nxc6 bxc6 16. Ba6+ Kd7 17. Nxc5+ Bxc5 18. dxc5 Qa5 19. Qd4 Ne7 20. Bd3 Rhg8 21. b4 Qa4 22. c3 Rg4 23. Bf4 Rdg8 24. Rf2 Qa3 {1-0 Karatas,K (1743)-Uysal,B (2053) Manavgat Turkey Cup 2015 (3)}) 10... Nf6 11. d3 O-O 12. Qe1 Nd4 13. Bxd7 Nxd7 14. Nxd4 cxd4 15. fxe6 fxe6 16. Qxe6+ Kh8 17. Nxd5 Rxf1+ 18. Kxf1 Nc5 19. Qf5 Qh4 20. Nf4 Re8 21. Bd2 Qxh2 22. Re1 Rxe1+ 23. Kxe1 Qh4+ 24. Kd1 Qe7 25. Bb4 b6 26. Qc8+ Qf8 27. Qxf8+ Bxf8 28. Ke2 Kg8 29. Bxc5 bxc5 30. Kf3 Kf7 31. Ke4 Bd6 32. Kf5 Ke7 33. Nd5+ Kf7 34. Nf6 h6 35. Ng4 h5 36. Nh6+ Kg7 37. Kg5 Bb8 38. Nf5+ Kf7 39. Kxh5 Kf6 40. Kg4 Bc7 41. Ng3 Ke5 42. b3 Bd8 43. Ne4 Be7 44. g3 a6 45. a4 a5 46. Nd2 Bd8 47. Nc4+ Ke6 48. Kf3 Kf5 49. g4+ Kg5 50. Nd6 Kf6 51. Ke4 Ke6 52. Nb7 Be7 53. Nxa5 Bh4 54. Nc4 Be7 55. a5 Kd7 56. a6 Kc7 57. a7 Kb7 58. Nb6 Kxa7 59. Nc8+ 1-0

[Event "45th Olympiad 2024"]
[Site "Budapest HUN"]
[Date "2024.09.11"]
[Round "1.36"]
[Board "3"]
[White "Djukic, Nikola"]
[Black "Corbin, Philip"]
[Result "1-0"]
[WhiteElo "2515"]
[BlackElo "1916"]
[PlyCount "81"]
[EventDate "2024.09.11"]
[WhiteTeam "Montenegro"]
[BlackTeam "Barbados"]
[WhiteTeamCountry "MNE"]
[BlackTeamCountry "BAR"]

1. e4 e5 2. Nf3 d5 3. exd5 Bd6 4. d4 e4 5. Ne5 Nf6 6. Bb5+ c6 ({RR} 6... Bd7 7. Nxd7 Nbxd7 8. c4 a6 9. Bxd7+ Qxd7 10. Nc3 O-O 11. O-O Rae8 12. h3 b5 13. b3 Qf5 14. Be3 g5 15. f3 Bf4 16. Qd2 exf3 17. Bxf4 b4 18. Bxc7 bxc3 19. Qxc3 g4 20. hxg4 f2+ 21. Kh1 {1-0 Parligras,M (2559)-Gunnarsson,A (2437) Olympiad-36 Mallorca 2004 (12)}) 7. dxc6 bxc6 8. Ba4 ({RR} 8. Nxc6 Qb6 9. c4 Nxc6 10. d5 O-O 11. Bxc6 Ng4 12. Qe2 f5 13. Bxa8 f4 14. f3 Ne5 15. Nc3 exf3 16. gxf3 Bf5 17. Ne4 Bb4+ 18. Kd1 Qd4+ 19. Kc2 Nxf3 20. Rd1 Bxe4+ 21. Kb3 Rb8 22. Bc6 Bd2+ {0-1 Sakelsek,T (2425)-Corbin,P (2242) Olympiad-36 Mallorca 2004 (1)}) 8... O-O $146 ({RR} 8... Bxe5 9. dxe5 Qa5+ 10. Nc3 Qxe5 11. Be3 O-O 12. Qd4 Qf5 13. O-O-O Be6 14. h3 Qa5 15. Qc5 Qa6 16. Rd4 Bd5 17. Rhd1 Nbd7 18. Qd6 Nb6 19. Bb3 Rac8 20. Bg5 Ne8 21. Qg3 f6 22. Bf4 Bxb3 23. cxb3 {1-0 Mannion,S (2135)-Castellanos Bogalo,A (1983) Maia Chess Open 2024 (9.34)}) ({RR} 8... Qa5+ 9. Nc3 Bxe5 10. dxe5 Qxe5 11. Be3 O-O 12. Qd4 Qh5 13. Nxe4 Nxe4 14. Qxe4 Be6 15. O-O Bd5 16. Qf4 Nd7 17. c4 Be6 18. Bxc6 Rac8 19. Bxd7 Bxd7 20. Bxa7 Rc6 21. Rfd1 Rf6 22. Qc7 Bc6 23. Rd8 {1-0 Li,H (2315)-Rogers,J (2333) BCF-chT 2122 (4NCL) 2021 (10.64)}) 9. Nc3 Ba6 10. Bg5 Qa5 11. Bxf6 gxf6 12. Qg4+ Kh8 13. Qf5 fxe5 14. Qf6+ Kg8 15. Qxd6 exd4 16. Qxd4 Rd8 17. Qe3 Nd7 18. O-O-O Nc5 19. Rxd8+ Rxd8 20. b4 Qxb4 21. Qg5+ Kf8 22. Qxd8+ Kg7 23. Qg5+ Kf8 24. Rd1 Nd3+ 25. Rxd3 exd3 26. Qf6 Bc4 27. Qd8+ Kg7 28. Qd4+ Kg8 29. cxd3 Qa3+ 30. Kd2 Qb2+ 31. Bc2 Bxa2 32. Qxa7 Be6 33. Qa8+ Kg7 34. Qxc6 Qb4 35. Qe4 Qb6 36. d4 f5 37. Qe5+ Kf7 38. Bxf5 Qb2+ 39. Bc2 Bb3 40. Qc7+ Kf6 41. Qb6+ 1-0

[Event "45th Olympiad 2024"]
[Site "Budapest HUN"]
[Date "2024.09.11"]
[Round "1.36"]
[Board "4"]
[White "Edwards, Emar"]
[Black "Draskovic, Luka"]
[Result "0-1"]
[WhiteElo "1898"]
[BlackElo "2497"]
[PlyCount "102"]
[EventDate "2024.09.11"]
[WhiteTeam "Barbados"]
[BlackTeam "Montenegro"]
[WhiteTeamCountry "BAR"]
[BlackTeamCountry "MNE"]

1. d4 Nf6 2. Nc3 d5 3. Bf4 e6 4. Nb5 Na6 5. e3 c6 6. Nc3 Qb6 7. a3 c5 8. Nf3 Bd7 9. Rb1 Rc8 10. Bd3 Be7 11. O-O O-O 12. Ne5 Nb8 $146 ({RR} 12... Rfd8 13. Bg5 h6 14. Bh4 Kf8 15. Nxd7+ Rxd7 16. Be2 Ng8 17. Bg3 cxd4 18. exd4 Bf6 19. Bxa6 Qxa6 20. Ne2 Ne7 21. c3 Nf5 22. Nf4 Be7 23. Re1 Bd6 24. Nd3 Nxg3 25. hxg3 Qb6 26. f4 Qd8 27. Qh5 {1-0 Kaczmarczyk,D (2448)-Arcuti,D (2390) SUI-chT Switzerland 2021 (7.3)}) ({RR} 12... Be8 13. Re1 Nb8 14. Na2 Nc6 15. c3 Nxe5 16. Bxe5 Nd7 17. Bg3 Bd6 18. Bxd6 Qxd6 19. Nc1 e5 20. Ne2 e4 21. Bc2 c4 22. Nf4 Nf6 23. f3 Bd7 24. fxe4 dxe4 25. Rf1 Rfe8 26. Qe1 Nd5 27. Qg3 {1-0 Jaskolka,T (2241)-Pashikyan,R (2286) Titled Tue 20th Feb Early 2024 (9)}) 13. dxc5 Qxc5 14. Qf3 Nc6 15. Qh3 g6 16. Nxc6 Bxc6 17. Rfd1 a6 18. b4 Qb6 19. Bg5 Qd8 20. Qh4 Re8 21. Ne2 Ba4 22. Rdc1 Nd7 23. Bxe7 Qxe7 24. Qxe7 Rxe7 25. c4 dxc4 26. Rxc4 Rxc4 27. Bxc4 Ne5 28. Bb3 Bxb3 29. Rxb3 Rd7 30. h3 Rd1+ 31. Kh2 Rd2 32. Nf4 Rxf2 33. b5 Rd2 34. bxa6 bxa6 35. Rb6 Nc4 36. Rxa6 e5 37. Rc6 Nxe3 38. Nxg6 fxg6 39. Re6 Rxg2+ 40. Kh1 Re2 41. a4 Nc4 42. Rc6 Nd2 43. Rc2 e4 44. a5 e3 45. a6 Re1+ 46. Kg2 Ra1 47. Rc8+ Kg7 48. Re8 Nc4 49. Re4 Ra2+ 50. Kg1 Rxa6 51. Rxc4 Ra1+ 0-1